000 00311 a2200157 4500
001 176134
020 _a
040 _cMagnum
100 _aFrança, Mary
240 1 0 _aA magica
_lpor
245 1 0 _aA magica
362 0 _a1899
440 1 _aÁtica
697 _aMAGNITO: I/AVENTURA, CRIANCAS
942 _cBK
999 _c176134
_d176134